MESTSKÁ KNIŽNICA GIRALTOVCE  - online katalóg 

Úctovníctvo pre 2. rocník SEŠ (Record no. 22581)

000 -NÁVESTIE
fixed length control field 00346nam a2200157 4500
008 - ÚDAJE S PEVNOU DĹŽKOU – VŠEOBECNÉ INFORMÁCIE
fixed length control field 190607s1979||||xo d
041 1# - KÓD JAZYKA
Kód jazyka textu/zvukovej stopy alebo samostatných nápisov slo
044 ## - KÓD KRAJINY VYDAVATEĽA/PRODUCENTA
Kód krajiny MARC xo
Kód krajiny ISO SK
020 ## - MEDZINÁRODNÉ ŠTANDARDNÉ ČÍSLO KNIHY (ISBN)
Údaje o dostupnosti 0
260 ## - VYDAVATEĽSKÉ ÚDAJE, DISTRIBÚCIA ATĎ.
Názov vydavateľa, distibútora atď. SPN
Miesto publikovania, distribúcie atď. Bratislava
Dátum publikovania, distribúcie atď. 1979
250 ## - ÚDAJ O PORADÍ VYDANIA
Údaj o poradí vydania 1. vydanie
245 10 - NÁZOV
Názov Úctovníctvo pre 2. rocník SEŠ
300 ## - FYZICKÝ POPIS
Rozsah 191 s.
490 ## - EDÍCIA
Zväzok/sekvenčné označenie 287
958 ## - Formálny deskriptor
Formálny deskriptor A
Holdings
Stav stiahnutia (Blokovanie) (Withrawn status) Stav straty Stav poškodenia (Damaged status) Nie pre výpožičky (Not for loan) Spôsob nadobudnutia (Collection code) Trvalé umiestnenie Aktuálne umiestnenie Dátum nadobudnutia Inventárne číslo (prírastkové číslo) Full call number Dátum posledného výskytu Cena s účinnosťou od Typ jednotky Koha
        Dar Mestská knižnica Giraltovce Mestská knižnica Giraltovce 2019-05-31 20917 S1456 2019-12-12 2019-12-12 Odborná literatúra pre dospelých

Powered by Koha